[Event "GER-ch U10 Girls"]
[Site "Willingen"]
[Date "2020.10.31"]
[Round "7"]
[White "Le, Thi An"]
[Black "Jaeger, Viktoria"]
[Result "1/2-1/2"]
[WhiteElo "976"]
[BlackElo "1114"]
[PlyCount "103"]
[EventDate "2020.10.26"]
[EventType "swiss"]
[EventRounds "7"]
[EventCountry "GER"]
[SourceTitle "CBM 199 Extra"]
[Source "ChessBase"]
[SourceDate "2021.01.31"]
[SourceVersion "1"]
[SourceVersionDate "2021.01.31"]
[SourceQuality "1"]

1. e4 e5 2. Nf3 Nc6 3. Bc4 Bc5 4. c3 Nf6 5. d4 exd4 6. cxd4 Bb4+ 7. Bd2 Nxe4 8. Bxb4 Nxb4 9. Bxf7+ Kxf7 10. Qb3+ Kf8 11. Qxb4+ Qe7 12. Qxe7+ Kxe7 13. 0-0 Kd8 14. Ne5 Rf8 15. Nc3 Nxc3 16. bxc3 d6 17. Nc4 Bd7 18. Rfe1 Re8 19. Rxe8+ Bxe8 20. a3 Bb5 21. Na5 Rb8 22. Rb1 Bd3 23. Rd1 Be2 24. Re1 Bd3 25. Re3 Ba6 26. Rg3 g6 27. Rh3 h5 28. c4 Kd7 29. Rf3 Re8 30. h3 Re4 31. Rd3 b6 32. f3 Re1+ 33. Kf2 Rc1 34. Nb3 Rxc4 35. Rd2 c5 36. dxc5 bxc5 37. h4 Rc3 38. Rb2 Bc4 39. Na5 Bd5 40. a4 Kc8 41. f4 Be4 42. Rd2 Rc2 43. Ke3 Bf5 44. Nc6 Rxd2 45. Kxd2 Kb7 46. Ne7 Bg4 47. Nxg6 Kc6 48. Ne7+ Kd7 49. Nd5 Ke6 50. Ne3 Bf5 51. g3 d5 52. a5 1/2-1/2

[Event "GER-ch U10 Girls"]
[Site "Willingen"]
[Date "2020.10.30"]
[Round "5"]
[White "Le, Thi An"]
[Black "Zhou, Jenny"]
[Result "0-1"]
[WhiteElo "976"]
[BlackElo "1131"]
[PlyCount "76"]
[EventDate "2020.10.26"]
[EventType "swiss"]
[EventRounds "7"]
[EventCountry "GER"]
[SourceTitle "CBM 199 Extra"]
[Source "ChessBase"]
[SourceDate "2021.01.31"]
[SourceVersion "1"]
[SourceVersionDate "2021.01.31"]
[SourceQuality "1"]

1. e4 e5 2. Nf3 Nc6 3. Bc4 Bc5 4. c3 Nf6 5. d4 exd4 6. cxd4 Bb4+ 7. Bd2 Bxd2+ 8. Nbxd2 d5 9. exd5 Nxd5 10. Qb3 Nce7 11. 0-0 0-0 12. Rfe1 c6 13. Re2 Nb6 14. Rae1 Ned5 15. Bd3 Be6 16. Qc2 h6 17. g3 Nb4 18. Qb1 Nxd3 19. Qxd3 c5 20. a3 c4 21. Qc2 Qd7 22. Nh4 Qd5 23. Ndf3 Bg4 24. Re3 Rac8 25. Qb1 Na4 26. b4 c3 27. Qc2 b5 28. Re5 Qb7 29. Re7 Qd5 30. R1e5 Qc6 31. Rc5 Nxc5 32. dxc5 Bxf3 33. Nxf3 Qxf3 34. Re3 Qc6 35. Qxc3 Rfe8 36. Rd3 Rcd8 37. Rxd8 Rxd8 38. Qc2 Qf3 0-1

[Event "GER-ch U10 Girls"]
[Site "Willingen"]
[Date "2020.10.28"]
[Round "3"]
[White "Le, Thi An"]
[Black "Margaryan, Mari"]
[Result "1-0"]
[WhiteElo "976"]
[BlackElo "690"]
[PlyCount "51"]
[EventDate "2020.10.26"]
[EventType "swiss"]
[EventRounds "7"]
[EventCountry "GER"]
[SourceTitle "CBM 199 Extra"]
[Source "ChessBase"]
[SourceDate "2021.01.31"]
[SourceVersion "1"]
[SourceVersionDate "2021.01.31"]
[SourceQuality "1"]

1. e4 e5 2. Nf3 Nc6 3. Bc4 Bc5 4. c3 Nf6 5. d4 exd4 6. cxd4 Bb4+ 7. Bd2 Bxd2+ 8. Nbxd2 d5 9. exd5 Nxd5 10. 0-0 0-0 11. h3 Nce7 12. Re1 Bf5 13. Qb3 Re8 14. Re5 Be6 15. Rae1 c6 16. R1e4 a5 17. Rh4 a4 18. Qc2 Ng6 19. Reh5 Nxh4 20. Qxh7+ Kf8 21. Rxh4 Qc8 22. Qh5 Ke7 23. Ne5 Rh8 24. Qg5+ f6 25. Qxg7+ Kd6 26. Ne4# 1-0